Squid Game Players In Jump Rope - Statistics

General Stats
  • This quiz has been taken 30 times
  • The average score is 15 of 24
Answer Stats
Answer % Correct
456
100%
222
96%
333
91%
100
87%
125
83%
124
78%
203
74%
039
70%
096
65%
336
65%
353
65%
349
57%
084
52%
209
52%
377
52%
448
52%
306
48%
442
48%
163
43%
192
43%
260
43%
276
43%
312
43%
435
43%
No matching quizzes found
Score Distribution
Percent of People with Each Score
Percentile by Number Answered
Your Score History
You have not taken this quiz